LEADER 03523nas 2201201- 450 001 996251286903316 005 20230222213018.0 011 $a1461-7013 035 $a(DE-599)ZDB1483566-6 035 $a(OCoLC)41963991 035 $a(CKB)954925562620 035 $a(CONSER)--2020207181 035 $a(EXLCZ)99954925562620 100 $a19990727a19939999 --- - 101 0 $aeng 135 $aur||||||||||| 181 $ctxt$2rdacontent 182 $cc$2rdamedia 183 $acr$2rdacarrier 200 10$aChildhood 210 1$a[Copenhagen] :$cMunksgaard,$d[1993]- 210 31$a[London] :$cSage Publications 300 $aRefereed/Peer-reviewed 311 $a0907-5682 531 $aCHILDHOOD A GLOBAL JOURNAL OF CHILD RESEARCH 531 $aCHILD.-GLOB. J. CHILD RES 606 $aChildren$vPeriodicals 606 $aChild development$vPeriodicals 606 $aChildren$xResearch$vPeriodicals 606 $aChildren 606 $aChild psychology 606 $aChild development 606 $aChildren's periodicals 606 $aChild 606 $aChild Behavior 606 $aChild Development 606 $aChild Welfare 606 $aPsychology, Child 606 $aPériodiques pour enfants 606 $aEnfants$xDéveloppement$vPériodiques 606 $aEnfants$xRecherche$vPériodiques 606 $aEnfants 606 $aEnfants$xPsychologie 606 $aEnfants$xDéveloppement 606 $achildren (people by age group)$2aat 606 $aChildren's periodicals$2fast$3(OCoLC)fst00856186 606 $aChild psychology$2fast$3(OCoLC)fst00854540 606 $aChild development$2fast$3(OCoLC)fst00854393 606 $aChildren$2fast$3(OCoLC)fst00854835 606 $aChildren$xResearch$2fast$3(OCoLC)fst00855115 606 $aKind$2gnd 606 $aGesellschaft$2gnd 606 $aZeitschrift$2gnd 606 $aOnline-Ressource$2gnd 606 $aKinderen$2gtt 606 $aDéveloppement de l'enfant$2rasuqam 606 $aDroits de l'enfant$2rasuqam 606 $aEnfance$2rasuqam 606 $aEnfant$2rasuqam 606 $aSociété$2rasuqam 606 $aSociologie$2rasuqam 608 $aPeriodicals.$2fast 608 $aPeriodicals.$2lcgft 615 0$aChildren 615 0$aChild development 615 0$aChildren$xResearch 615 0$aChildren. 615 0$aChild psychology. 615 0$aChild development. 615 0$aChildren's periodicals. 615 2$aChild 615 2$aChild Behavior 615 2$aChild Development 615 2$aChild Welfare 615 2$aPsychology, Child 615 6$aPériodiques pour enfants. 615 6$aEnfants$xDéveloppement 615 6$aEnfants$xRecherche 615 6$aEnfants. 615 6$aEnfants$xPsychologie. 615 6$aEnfants$xDéveloppement. 615 7$achildren (people by age group) 615 7$aChildren's periodicals. 615 7$aChild psychology. 615 7$aChild development. 615 7$aChildren. 615 7$aChildren$xResearch. 615 7$aKind 615 7$aGesellschaft 615 7$aZeitschrift 615 7$aOnline-Ressource 615 17$aKinderen. 615 17$aDéveloppement de l'enfant. 615 7$aDroits de l'enfant. 615 17$aEnfance. 615 17$aEnfant. 615 7$aSociété 615 7$aSociologie. 676 $a305.23 906 $aJOURNAL 912 $a996251286903316 996 $aChildhood$92196442 997 $aUNISA LEADER 02497nam0 2200457 i 450 001 REA0036244 005 20251003044333.0 010 $a8871876458 020 $aIT$b97-2305 100 $a20130827d1996 ||||0itac50 ba 101 | $aita 102 $ait 181 1$6z01$ai $bxxxe 182 1$6z01$an 183 1$6z01$anc$2RDAcarrier 200 1 $aCome entrare nel mondo del turismo$ebeni culturali, agenzie di viaggi, tour operator, alberghi e ristorazione, editoria$ei profili professionali, la formazione, gli indirizzi utili$fa cura di Alberto Orioli$gtesti di Anna Del Freo ... \et al.! 210 $aMilano$cIl sole-24 ore libri$d1996 215 $a114 p.$d22 cm 225 | $aTask 300 $aIn appendice: Gli indirizzi utili 300 $aIndicazione di A. in cop.: Guido Palmieri et al. 410 0$1001REA0036245$12001 $aTask 606 $aAziende turistiche$xPersonale$xIstruzione professionale$2FIR$3CFIC053625$9I 676 $a306$9CULTURA E ISTITUZIONI$v23 676 $a338.4$9INDUSTRIE SECONDARIE E SERVIZI$v12 676 $a338.47910712$9BENI E SERVIZI. Turismo. Scuole secondarie$v20 676 $a338.47910712$9$v21 696 $aImprese turistiche$aCompagnie turistiche 699 $aAziende turistiche$yImprese turistiche 699 $aAziende turistiche$yCompagnie turistiche 702 1$aPalmieri$b, Guido$3CFIV157825 702 1$aDel Freo$b, Anna$3REAV094442 702 1$aOrioli$b, Alberto$3TO0V151414 801 3$aIT$bIT-000000$c20130827 850 $aIT-BN0095 901 $bNAP 01$cPOZZO LIB.$nVi sono collocati fondi di economia, periodici di ingegneria e scienze, periodici di economia e statistica e altri fondi comprendenti documenti di economia pervenuti in dono. 912 $aREA0036244 950 0$aBiblioteca Centralizzata di Ateneo$c1 v. in tre copie$d 01POZZO LIB.ECON MON 7305$e 0101 0000100345E VMA 1 v. (Precedente collocazione Guerrazzi B 1185)$fB $h20080527$i20080527$c1 v. in tre copie$d 01POZZO LIB.ECON MON 7305$e 0101 0000100355E VMA (bis 1 v. (2. copia. - Precedente collocazione Guerrazzi B 1185 bis)$fB $h20080527$i20080527$c1 v. in tre copie$d 01POZZO LIB.ECON MON 7305$e 0101 0070025965E VMA (ter 1 v. (3 copia. - Precedente collocazione 25 EC 596)$fB $h20220802$i20220802 977 $a 01 996 $aCome entrare nel mondo del turismo$966250 997 $aUNISANNIO